Human rights tribal movements and violence: Tribal tenacity in the Twenty-First Century in Central Eastern India (Record no. 1225116)

MARC details
000 -LEADER
fixed length control field 00717nam a2200217Ia 4500
005 - DATE AND TIME OF LATEST TRANSACTION
control field 20241129104248.0
008 - FIXED-LENGTH DATA ELEMENTS--GENERAL INFORMATION
fixed length control field 241129s9999||||xx |||||||||||||| ||und||
020 ## - INTERNATIONAL STANDARD BOOK NUMBER
International Standard Book Number 9789394262874
037 ## - SOURCE OF ACQUISITION
Stock number Textual
040 ## - CATALOGING SOURCE
Original cataloging agency RTL
Language of cataloging eng
Transcribing agency RTL
041 ## - LANGUAGE CODE
Language code of text/sound track or separate title eng
Source of code eng
084 ## - COLON CLASSIFICATION NUMBER
Classification number Y72:47(W:5).2 R3
Assigning agency RTL
100 ## - MAIN ENTRY--PERSONAL NAME
Personal name De Debasree
9 (RLIN) 725485
245 #0 - TITLE STATEMENT
Title Human rights tribal movements and violence: Tribal tenacity in the Twenty-First Century in Central Eastern India
Statement of responsibility, etc. De Debasree
260 ## - PUBLICATION, DISTRIBUTION, ETC.
Place of publication, distribution, etc. New Delhi
Name of publisher, distributor, etc. Manohar
Date of publication, distribution, etc. 2023
300 ## - PHYSICAL DESCRIPTION
Extent 201p.
365 ## - TRADE PRICE
Price type code INR
Price amount Rs. 1250.00
650 ## - SUBJECT ADDED ENTRY--TOPICAL TERM
Topical term or geographic name entry element Human Rights- Tribal Movements- Jharkhand
9 (RLIN) 725486
942 ## - ADDED ENTRY ELEMENTS (KOHA)
Koha item type Textbook
Classification part Y72:47(W:5).2 R3
Holdings
Withdrawn status Lost status Damaged status Not for loan Home library Current library Date acquired Source of acquisition Inventory number Total Checkouts Full call number Barcode Date last seen Price effective from Koha item type
        Ratan Tata Library Ratan Tata Library 2024-11-29 Bright book Service 2298 &7/2/24   Y72:47(W:5).2 R3 RT1528052 2024-11-29 2024-11-29 Textbook
Copyright @ Delhi University Library System